[Event "HUN-chT U18"]
[Site "Miskolc"]
[Date "2010.11.02"]
[Round "1.11"]
[White "Runda, Mate Bence"]
[Black "Decsi, Reka"]
[Result "1-0"]
[WhiteElo "1890"]
[BlackElo "1703"]
[PlyCount "85"]
[EventDate "2010.11.02"]
[EventType "team-swiss"]
[EventRounds "8"]
[EventCountry "HUN"]
[SourceTitle "EXT 2016"]
[Source "ChessBase"]
[SourceDate "2015.10.08"]
[SourceVersion "1"]
[SourceVersionDate "2015.10.08"]
[SourceQuality "1"]

1. e4 c5 2. Nf3 d6 3. Bb5+ Bd7 4. Bxd7+ Nxd7 5. 0-0 g6 6. c3 Bg7 7. d4 Ngf6 8. Re1 0-0 9. e5 dxe5 10. dxe5 Ng4 11. e6 fxe6 12. Qb3 Qb6 13. Rxe6 Qxb3 14. axb3 Rf7 15. h3 Nge5 16. Ng5 Rf5 17. g4 Rf7 18. Na3 Nf8 19. Rxe5 Bxe5 20. Nxf7 Kxf7 21. Be3 Nd7 22. Nc4 Bd6 23. Rd1 Ke6 24. Re1 Kf6 25. Rd1 Ke6 26. Bg5 Nf6 27. Bxf6 Kxf6 28. Nxd6 exd6 29. Rxd6+ Ke7 30. Rd5 b6 31. Kg2 Ke6 32. Rd1 Rf8 33. Kg3 g5 34. Re1+ Kd6 35. Re4 h6 36. f4 Kd5 37. Re5+ Kd6 38. Rf5 gxf4+ 39. Kxf4 Ke7 40. Rxf8 Kxf8 41. Kf5 Kf7 42. h4 b5 43. Ke5 1-0